[Event "DEM U10 2017"]
[Site "Willingen GER"]
[Date "2017.06.04"]
[Round "1"]
[White "Hubert, Nikita"]
[Black "Strehse, Nelson"]
[Result "0-1"]
[Termination "normal"]
[Board "28"]
[WhiteElo "957"]
[BlackElo "1042"]
[PlyCount "82"]
[WhiteFideId "16235754"]
[BlackFideId "16228898"]
[EventCountry "GER"]
[EventRounds "11"]
[EventType "swiss"]
[EventDate "2017.06.03"]

1. e4 e5 2. f4 Nc6 3. Nf3 d6 4. Bc4 Be7 5. O-O Nf6 6. Nc3 O-O 7. d3 exf4 8. d4
Na5 9. Bd3 Bg4 10. Bxf4 Nc6 11. Be3 Re8 12. h3 Bh5 13. Qe1 h6 14. a3 Bxf3 15.
Rxf3 d5 16. e5 Ne4 17. Nxe4 dxe4 18. Bxe4 Nxd4 19. Bxd4 Qxd4+ 20. Qf2 Bc5 21.
Qxd4 Bxd4+ 22. Kh1 Rxe5 23. Bxb7 Rb8 24. c3 Bxc3 25. Rxc3 Rxb7 26. b4 a5 27.
bxa5 Rxa5 28. Rac1 g6 29. Rxc7 Rxc7 30. Rxc7 Rxa3 31. Rc8+ Kg7 32. Kh2 Kf6 33.
Rc5 Re3 34. Kg1 Re5 35. Rc6+ Kg5 36. Rc7 f5 37. g3 f4 38. gxf4+ Kxf4 39. Rg7 g5
40. Rh7 Kg3 41. Rxh6 Re1# 0-1

[Event "DEM U10 2017"]
[Site "Willingen GER"]
[Date "2017.06.04"]
[Round "1"]
[White "Kageler, Anton Paul"]
[Black "Zinnikus, Elias"]
[Result "1-0"]
[Termination "normal"]
[Board "29"]
[WhiteElo "1341"]
[BlackElo "776"]
[PlyCount "89"]
[WhiteFideId "16244850"]
[BlackFideId "16245024"]
[EventCountry "GER"]
[EventRounds "11"]
[EventType "swiss"]
[EventDate "2017.06.03"]

1. e4 d6 2. Nf3 Nf6 3. Nc3 g6 4. Bc4 Bg7 5. O-O O-O 6. Re1 c6 7. d4 Qc7 8. Bf4
b5 9. e5 dxe5 10. Bxe5 Qd7 11. Bb3 Bb7 12. Qe2 Re8 13. Ng5 e6 14. Bxb8 Raxb8
15. Nxe6 fxe6 16. Bxe6+ Rxe6 17. Qxe6+ Qxe6 18. Rxe6 Kf7 19. Rae1 Re8 20. Rxe8
Nxe8 21. Ne4 h6 22. c3 a5 23. Nd2 Nd6 24. Nb3 Nc4 25. Nc5 Bc8 26. Re2 Bf5 27.
Nb7 Bf8 28. b3 Bd3 29. Re1 Nb6 30. Nxa5 b4 31. Nxc6 Bb5 32. Ne5+ Kf6 33. c4 Bd7
34. c5 Bf5 35. cxb6 Bd6 36. g4 Be6 37. f4 Bd5 38. Rf1 Be4 39. g5+ hxg5 40.
fxg5+ Ke7 41. Rf7+ Ke8 42. Rf6 Ke7 43. Nxg6+ Bxg6 44. Rxg6 Kf7 45. Rxd6 1-0